Statistiques concernant Aéroports les plus fréquentés de France

Cliquez ici pour prendre le quiz!

Statistiques générales

  • Ce quiz a été pris 313 fois
  • Le résultat moyen est 14 sur 20

Statistiques - réponses

millions aéroport % Correct
10,3Lyon - Saint-Exupéry
97%
9,00Marseille - Provence
96%
69,5Paris - Charles-de-Gaulle
94%
6,20Bordeaux - Mérignac
94%
32,0Paris - Orly
94%
1,91Lille - Lesquin
92%
13,3Nice - Côte d'Azur
92%
9,26Toulouse - Blagnac
92%
1,21Strasbourg - Entzheim
90%
5,49Nantes - Atlantique
89%
1,85Montpellier - Mediterrannée
76%
1,05Brest - Bretagne
70%
1,57Ajaccio - Napoléon Bonaparte
56%
1,40Bastia - Poretta
54%
1,95Fort-de-France - Aimé-Césaire
52%
3,64Paris - Beauvais
48%
2,36Pointe-à-Pitre - Pôle Caraïbes
42%
1,19Biarritz - Pays Basque
39%
2,29La Réunion - Roland Garros
33%
1,29Tahiti - Fa'a'ā
22%

Distribution des résultats

Percentile par nombre de réponses

% des personnes avec chaque résultat

Votre développement - résultats

Vous n’avez pas pris ce quiz